| 000 | 00673nam a2200241 i 4500 | ||
|---|---|---|---|
| 001 | bgj | ||
| 100 | 1 | _aSTEINBACH, Dietrich. | |
| 245 | 1 | 0 |
_aDie historisch-kritische Sozialtheorie der Literatur / _cDietrich Steinbach. |
| 260 |
_aStuttgart : _bErnst Klett, _ccop. 1973. |
||
| 300 |
_a96 s. ; _c21 cm. |
||
| 490 | 1 | _aLiteraturwissenschaft, Gesselschaftwissenschaft | |
| 504 | _aIndeks. | ||
| 650 | 9 | _aLiteratura | |
| 830 | _aLiteraturwissenschaft, Gesselschaftwissenschaft | ||
| 020 | _a3123914003 | ||
| 040 | _cBPK | ||
| 041 | 0 | _ager | |
| 044 | _aDEU | ||
| 080 | _a82 | ||
| 920 | _a3-12-391400-3 | ||
| 942 | _cKS | ||
| 008 | s gw f |000 0 ger | ||
| 999 |
_c50422 _d50422 |
||
| 856 |
_uhttp://koha.tu.koszalin.pl/cgi-bin/koha/opac-detail.pl?biblionumber=50422 _yKatalog online BPK |
||